India 2007 (Record no. 3236)

MARC details
000 -LEADER
fixed length control field 00879 a2200217 4500
010 ## - LIBRARY OF CONGRESS CONTROL NUMBER
LC control number ENG-85628
020 ## - INTERNATIONAL STANDARD BOOK NUMBER
International Standard Book Number 8123014236
Terms of availability 250.00
035 ## - SYSTEM CONTROL NUMBER
System control number EN-69161
037 ## - SOURCE OF ACQUISITION
Source of stock number/acquisition D.B.Act / ven
082 14 - DEWEY DECIMAL CLASSIFICATION NUMBER
Classification number 954
090 ## - LOCALLY ASSIGNED LC-TYPE CALL NUMBER (OCLC); LOCAL CALL NUMBER (OCLC)
-- 3300
-- 3300
245 1# - TITLE STATEMENT
Title India 2007
Remainder of title a reference annual
Statement of responsibility, etc compiled and edited by Research, Reference and Training Division
250 ## - EDITION STATEMENT
Edition statement 51st ed
260 ## - PUBLICATION, DISTRIBUTION, ETC. (IMPRINT)
Place of publication, distribution, etc New Delhi
Name of publisher, distributor, etc Publications Division, Ministry of Information and Broadcasting, Govt. of India,
Date of publication, distribution, etc 2007
260 ## - PUBLICATION, DISTRIBUTION, ETC. (IMPRINT)
Place of publication, distribution, etc Delhi
Name of publisher, distributor, etc Bharat Pustak Bhandar (Vendor)
270 ## - ADDRESS
Address Soochna Bhawan, CGO Complex, Lodhi Road
City New Delhi
State or province Delhi
Postal code 110003
300 ## - PHYSICAL DESCRIPTION
Extent 1199 p.
Dimensions 24 cm. (Pbk)
710 ## - ADDED ENTRY--CORPORATE NAME
Corporate name or jurisdiction name as entry element Ministry of Information and Broadcasting.
Subordinate unit Research, Reference and Training Division
942 ## - ADDED ENTRY ELEMENTS (KOHA)
Institution code [OBSOLETE] dpl
Koha item type English Books
Call number prefix 954 / IND
Holdings
Withdrawn status Lost status Source of classification or shelving scheme Damaged status Not for loan Collection code Home library Current library Source of acquisition Cost, normal purchase price Total Checkouts Full call number Barcode Date last seen Copy number Uniform Resource Identifier Cost, replacement price Price effective from Koha item type
    Dewey Decimal Classification   Not For Loan Non-fiction D.B.Act.Division D.B.Act.Division DBAD/PUB 250.00   954 IND EN-69161 15/09/2008 1 3446 250.00 15/09/2008 English Books

© Delhi Public Library
Hit Counter
free hit counter